★★★★★ (5 Stars)- girl in red - Statistics

General Stats
  • This quiz has been taken 21 times
    10 since last reset
  • The average score is 127 of 159
Answer Stats
Answer % Correct
a
100%
do
100%
I
100%
I'm
100%
it
100%
You
100%
At
86%
at
86%
be
86%
Can
86%
can
86%
delusional
86%
fact
86%
gotta
86%
hit
86%
hotel
86%
in
86%
is
86%
It's
86%
make
86%
miss?
86%
miss
86%
never
86%
of
86%
on
86%
out
86%
Sittin'
86%
Six
86%
six,
86%
the
86%
The
86%
to
86%
writing
86%
amazingly
71%
and
71%
everything
71%
factory,
71%
factory
71%
Five-star
71%
for
71%
lobby
71%
Lookin'
71%
magnificent
71%
me
71%
rating
71%
story
71%
tell
71%
trash
71%
bad
57%
Chelsea
57%
have
57%
history
57%
NYC
57%
readin'
57%
scene
57%
sixties
57%
stranger
57%
up
57%
with
57%
again?
43%
again
43%
biz
43%
hopin'
43%
So
43%
Yeah,
43%
please,
29%
Pretendin'
29%
Reminiscing
29%
said
29%
would
14%
No matching quizzes found
Score Distribution
Percent of People with Each Score
Percentile by Number Answered
Your Score History
You have not taken this quiz since the last reset